Geography Quiz

Random Geography or World Quiz

Badly Drawn Country Outlines Quiz Stats

Quiz Updated Sep 19, 2017

Challenge
Share
Tweet
Score 0/10 Timer 03:00
2 Plays Today
% Correct
Australia
98.6%
India
92.3%
Mexico
86.2%
Chile
76.4%
China
72.9%
South Africa
69.2%
Turkey
60.7%
Spain
52.5%
Libya
51.1%
Haiti
37.1%

You're not logged in!

Compare scores with friends on all Sporcle quizzes.
Sign Up with Email
OR
Log In

You Might Also Like...

Show Comments

Extras

Top Quizzes Today


Score Distribution

Your Account Isn't Verified!

In order to create a playlist on Sporcle, you need to verify the email address you used during registration. Go to your Sporcle Settings to finish the process.

Report this User

Report this user for behavior that violates our Community Guidelines.

Details: